LEADER 01343nam--2200421---450- 001 990000542120203316 005 20090327170325.0 010 $a88-464-2785-8 035 $a0054212 035 $aUSA010054212 035 $a(ALEPH)000054212USA01 035 $a0054212 100 $a20010704d2001----km-y0itay0103----ba 101 $aita 102 $aIT 105 $a||||||||001yy 200 1 $aCattolicesimo e laicismo nell'Italia contemporanea$fGuido Verucci 210 $aMilano$cF.Angeli$dcopyr.2001 215 $a301 p.$d23 cm 225 2 $aStudi e ricerche storiche$v283 300 $aScritti già pubbl. 410 0$12001$aStudi e ricerche storiche$v283 606 $aCattolicesimo e politica$yItalia$zSec.19.-20$xSaggi 606 $aLaicismo$yItalia$zSec.19-20.$xSaggi 676 $a261.70945 700 1$aVERUCCI,$bGuido$0155205 801 0$aIT$bsalbc$gISBD 912 $a990000542120203316 951 $aII.2. 4966 (ISP IV 924)$b157398 L.M.$cISP IV$d00072805 959 $aBK 969 $aECO 979 $aANGELA$b90$c20010704$lUSA01$h1233 979 $aANGELA$b90$c20010704$lUSA01$h1244 979 $c20020403$lUSA01$h1703 979 $aPATRY$b90$c20040406$lUSA01$h1638 979 $aRSIAV1$b90$c20090327$lUSA01$h1703 996 $aCattolicesimo e laicismo nell'Italia contemporanea$9542239 997 $aUNISA LEADER 00828oas 2200289z- 450 001 996205951103316 005 20180326153512.0 035 $a(CKB)1000000000044783 035 $a(DE-599)ZDB2182587-7 035 $a(EXLCZ)991000000000044783 100 $a20121018cuuuuuuuu -u- - 101 0 $aeng 200 $aOral biosciences & medicine 210 $aNew Malden$cQuintessence$d2004-2005 311 $a1742-3287 606 $aHealth Sciences$xDentistry 606 $aStomatognathic Diseases 606 $aStomatognathic System 606 $aOral Medicine 615 4$aHealth Sciences$xDentistry 615 12$aStomatognathic Diseases 615 22$aStomatognathic System 615 22$aOral Medicine 906 $aJOURNAL 912 $a996205951103316 996 $aOral biosciences & medicine$92054650 997 $aUNISA